书目信息 |
| 题名: |
锡兰简明史
|
|
| 作者: | 尼古拉斯 , 帕拉纳维达纳 著 ;李荣熙 译 | |
| 分册: | 下册 | |
| 出版信息: | 北京 商务印书馆 1964.11 |
|
| 页数: | 325-612页 | |
| 开本: | 20cm | |
| 丛书名: | ||
| 单 册: | ||
| 中图分类: | K358 | |
| 科图分类: | ||
| 主题词: | 南亚--历史 | |
| 电子资源: | ||
| ISBN: | ||
| 000 | 00999nam0 2200265 45 | |
| 001 | 0212050856 | |
| 005 | 20031219104101.7 | |
| 010 | @dCNY1.90 | |
| 091 | @a11017.222 | |
| 100 | @a20021205d1964 km y0chiy0120 ea | |
| 101 | 0 | @achi |
| 105 | @aahb z 000yy | |
| 200 | 1 | @a锡兰简明史@AXi Lan Jian Ming Shi@e从远古时期至公元1505年葡萄牙人到达时为止@h下册@ECong Yuan Gu Shi Qi Zhi Gong Yuan 1505 Nian Pu Tao Ya Ren Dao Da Shi WeiZhi@f(锡兰)尼古拉斯,帕拉纳维达纳著@F(Xi Lan)Ni Gu La Si,Pa La Na Wei Da Na Zhu@g李荣熙译 |
| 210 | @a北京@c商务印书馆@d1964.11 | |
| 215 | @a325-612页@c照片,地图,摹真@d20cm | |
| 300 | @a内部读物 | |
| 300 | @a附录:译名对照表 | |
| 517 | @a从远古时期至公元1505年葡萄牙人到达时为止@ACong Yuan Gu Shi Qi Zhi GongYuan 1505 Nian Pu Tao Ya Ren Dao Da Shi Wei Zhi | |
| 606 | 0 | @a南亚@x历史 |
| 690 | @aK358@v1 | |
| 701 | 0 | @a尼古拉斯@4著 |
| 701 | 0 | @a帕拉纳维达纳@4著 |
| 702 | 0 | @a李荣熙@ALi Rong Xi@4译 |
| 801 | @aCN@bTSTC@c20021205 | |
| 905 | @dK358@e3:2@f2@b219255-256 | |
| 锡兰简明史:从远古时期至公元1505年葡萄牙人到达时为止.下册/(锡兰)尼古拉斯,帕拉纳维达纳著/李荣熙译.-北京:商务印书馆,1964.11 |
| 325-612页:照片,地图,摹真;20cm |
| 内部读物.-附录:译名对照表 |
| ISBN :CNY1.90 |
| ● |
| 相关链接 |
|
|
|
|
正题名:锡兰简明史
索取号:K358/3:2
 
预约/预借
| 序号 | 登录号 | 条形码 | 馆藏地/架位号 | 状态 | 备注 |
| 1 | 0219255 | 001732557 | 第二借阅区/ [索取号:K358/3:2] | 在馆 | |
| 2 | 0219256 | 001732600 | 第二样本阅览室/ [索取号:K358/3:2] | 在馆 |